| 000 | 01819cam a22004577a 4500 | ||
|---|---|---|---|
| 003 | CHAP | ||
| 005 | 20220329141903.0 | ||
| 008 | 980415d1997 mx a rsy o00010 spa d | ||
| 010 | _a75297 | ||
| 011 | _a76269 | ||
| 022 | _a1404-5848 | ||
| 035 | _a85848 | ||
| 040 | _cCHAP | ||
| 082 | 0 | 4 |
_a338.13 _bM45 |
| 110 | 2 |
_aMexico. Centro de Estadística Agropecuaria. _975277 |
|
| 245 | 1 | 0 |
_aInsumos agrícolas precio promedio de venta _c/por Centro de Estadística Agropecuaria |
| 260 | 0 |
_aMéxico, D. F. : _bCentro de Estadística Agropecuaria, _c1997. |
|
| 300 |
_av. : _bilus. ; gráfs. ; cuadros |
||
| 500 | _aLa biblioteca tiene : 1995, 1996, 1997 | ||
| 500 | _aTít. varia : Precios promedio de venta... | ||
| 590 |
_aBATCH-UPD _b10 _c20130110 _lUCH01 _h0535 |
||
| 590 |
_aBATCH-UPD _b10 _c20130410 _lUCH01 _h0215 |
||
| 590 |
_aBATCH-UPD _b10 _c20130914 _lUCH01 _h1427 |
||
| 590 |
_aCONVERSION _b10 _c20130109 _lUCH01 _h1341 |
||
| 650 | 1 | 4 |
_aFertilizantes _xPrecios. _940583 |
| 650 | 1 | 4 |
_aFungicidas _xPrecios. _944047 |
| 650 | 1 | 4 |
_aHerbicidas _xPrecios. _953699 |
| 650 | 1 | 4 |
_aNematicidas _xPrecios. _980810 |
| 650 | 1 | 4 |
_aPesticidas _xPrecios. _987567 |
| 650 | 1 | 4 |
_aProductos agrícolas _xPrecios. _992004 |
| 650 | 1 | 4 |
_aSemillas _xPrecios. _9103925 |
| 730 | 0 | 2 |
_aPrecios promedio de venta de insumos agrícolas. _991351 |
| 901 | _aBK | ||
| 905 | _aLilia Sánchez G. | ||
| 942 | _cLIBRO | ||
| 949 |
_a338.13 M45 _bBC _cC _d33724000594313 _eC _f1995 _h93057 _i85848 _kDonaciØn _sb |
||
| 949 |
_a338.13 M45 _bBC _cC _d33724000594321 _eC _f1996 _h93058 _i85848 _kDonaciØn _sb |
||
| 949 |
_a338.13 M45 _bBC _cC _d33724000782009 _eC _f1997 _h98269 _i85848 _sb |
||
| 949 |
_a338.13 M45 _bBC _cC _d33724000801106 _eC _f1997 c.2 _gDonaciØn _h99117 _i85848 _sb |
||
| 949 |
_a338.13 M45 _bBC _cC _d33724000848008 _eC _f1997 c.3 _gDonaciØn _h101782 _i85848 _sb |
||
| 999 |
_c75297 _d75297 |
||